All Monopoly Properties - Statistics

General Stats
  • This quiz has been taken 22 times
    16 since last reset
  • The average score is 15 of 28
Answer Stats
Colour Properties % Correct
Dark Blue Mayfair
85%
Pink Pall Mall
85%
Yellow Piccadilly
85%
Brown Old Kent Road
77%
Light Blue Euston Road
69%
Red Trafalgar Square
69%
Green Bond Street
62%
Yellow Leicester Square
62%
Green Oxford Street
62%
Dark Blue Park Lane
62%
Red Strand
62%
Light Blue The Angel Islington
62%
Utility Water Works
62%
Station King's Cross Station
54%
Utility Electric Company
46%
Station Liverpool Street Station
46%
Green Regent Street
46%
Red Fleet Street
38%
Station Marylebone Station
38%
Pink Northumberland Avenue
38%
Light Blue Pentonville Road
38%
Orange Vine Street
38%
Brown Whitechapel Road
38%
Orange Bow Street
31%
Yellow Coventry Street
31%
Orange Marlborough Street
31%
Pink Whitehall
31%
Station Fenchurch Street Station
23%
No matching quizzes found
Score Distribution
Percent of People with Each Score
Percentile by Number Answered
Your Score History
You have not taken this quiz since the last reset